Dialogues with the masses : (Record no. 92912)

MARC details
000 -LEADER
fixed length control field 00631nam a22001937a 4500
005 - DATE AND TIME OF LATEST TRANSACTION
control field 20150521115828.0
010 ## - LCCN (DPL NO)
LC control number ENG-112700
020 ## - INTERNATIONAL STANDARD BOOK NUMBER
International Standard Book Number 9789380651538
Terms of availability 850.00
035 ## - SYSTEM CONTROL NUMBER
System control number EN-96232
037 ## - SOURCE OF ACQUISITION
Source of stock number/acquisition DBAD/PUB
082 ## - DEWEY DECIMAL CLASSIFICATION NUMBER
Classification number 302.230954
100 ## - MAIN ENTRY--PERSONAL NAME
Personal name Rituraj, Arvind
245 ## - TITLE STATEMENT
Title Dialogues with the masses :
Statement of responsibility, etc by Arvind Rituraj
Remainder of title in ancient India /
260 ## - PUBLICATION, DISTRIBUTION, ETC. (IMPRINT)
Place of publication, distribution, etc Delhi
Name of publisher, distributor, etc Vidyanidhi Prakashan
Date of publication, distribution, etc 2013
270 ## - ADDRESS
Address D-10/1061, (Near Shri Mahagauri Mandir), Khajuri Khas,
City Delhi
Postal code 110094
300 ## - PHYSICAL DESCRIPTION
Extent 288p.
Dimensions 23cm(Hb)
500 ## - GENERAL NOTE
General note Includes bibliographical references
942 ## - ADDED ENTRY ELEMENTS (KOHA)
Source of classification or shelving scheme Dewey Decimal Classification
Item type English Books
Call number suffix RIT
Classification part 302.230954
Holdings
Withdrawn status Lost status Not for loan Collection code Home library Current library Date acquired Source of acquisition Cost, normal purchase price Full call number Barcode Copy number Cost, replacement price Koha item type
    Not For Loan Non-fiction D.B.Act.Division D.B.Act.Division 13/04/2015 DBAD/PUB 850.00 302.230954 RIT EN-96232 1 850.00 English Books

© Delhi Public Library
Hit Counter
free hit counter